España, 1808-1974 (Registro nro. 142947)
[ vista simple ]
| 000 -LEADER | |
|---|---|
| campo de control de longitud fija | 00637nam a2200205 i 4500 |
| 001 - NÚMERO DE CONTROL | |
| campo de control | 142947 |
| 003 - IDENTIFICADOR DE NÚMERO DE CONTROL | |
| campo de control | ES-MaACL |
| 005 - FECHA Y HORA DE LA ÚLTIMA TRANSACCIÓN | |
| campo de control | 20230906200653.0 |
| 007 - CAMPO FIJO DE DESCRIPCIÓN FÍSICA--INFORMACIÓN GENERAL | |
| campo de control de longitud fija | t| |
| 008 - DATOS DE LONGITUD FIJA--INFORMACIÓN GENERAL | |
| campo de control de longitud fija | 071011s1973 sp a c |||| | spa d |
| 080 ## - NÚMERO DE LA CLASIFICACIÓN DECIMAL UNIVERSAL | |
| Número de la Clasificación Decimal Universal | 332.51(460)(085) |
| 110 2# - ENTRADA PRINCIPAL--NOMBRE DE ENTIDAD CORPORATIVA | |
| Nombre de entidad corporativa o nombre de jurisdicción como elemento de entrada | Jose A. Vicenti (Firma) |
| 9 (RLIN) | 144063 |
| 245 10 - MENCIÓN DEL TÍTULO | |
| Título | España, 1808-1974 |
| Resto del título | : catálogo de billetes / |
| Mención de responsabilidad, etc. | José A. Vicenti. |
| 250 ## - MENCION DE EDICION | |
| Mención de edición | 7ª ed. |
| 260 ## - PUBLICACIÓN, DISTRIBUCIÓN, ETC. | |
| Lugar de publicación, distribución, etc. | Madrid : |
| Nombre del editor, distribuidor, etc. | [José A. Vicenti], |
| Fecha de publicación, distribución, etc. | 1973 ( |
| Fabricante | Imp. Salinero) |
| 300 ## - DESCRIPCIÓN FÍSICA | |
| Extensión | 96 p. : |
| Otras características físicas | il. ; |
| Dimensiones | 23 cm. |
| 650 #4 - PUNTO DE ACCESO ADICIONAL DE MATERIA--TÉRMINO DE MATERIA | |
| Término de materia o nombre geográfico como elemento de entrada | Billetes de banco- |
| Subdivisión geográfica | España- |
| Subdivisión de forma | Catálogos. |
| 9 (RLIN) | 166458 |
| 650 04 - PUNTO DE ACCESO ADICIONAL DE MATERIA--TÉRMINO DE MATERIA | |
| Término de materia o nombre geográfico como elemento de entrada | Monedas- |
| Subdivisión geográfica | España. |
| 9 (RLIN) | 15159 |
| 852 ## - LOCALIZACIÓN | |
| Ubicación | ES-MaACL |
| Número de control de estantería | C-54685 |
| Estatus retirado | Estado de pérdida | Estado de daño | No para préstamo | Biblioteca de origen | Biblioteca actual | Ubicación en estantería | Fecha de adquisición | Fuente de adquisición | Total de préstamos | Signatura topográfica completa | Código de barras | Visto por última vez | Precio de reemplazo | Tipo de ítem Koha |
|---|---|---|---|---|---|---|---|---|---|---|---|---|---|---|
| Biblioteca del Ateneo de Madrid | Biblioteca del Ateneo de Madrid | Depósito 2 | 17/01/2008 | C-54685 | 1148730 | 23/02/2023 | 23/02/2023 | Libro impreso |
